[Event "Titled Tue 17th Jun Early"]
[Site "chess.com INT"]
[Date "2025.06.17"]
[Round "7"]
[White "Bharath, Subramaniyam H"]
[Black "Aarit Kapil"]
[Result "1-0"]
[WhiteTitle "GM"]
[BlackTitle "CM"]
[WhiteElo "2558"]
[BlackElo "2078"]
[WhiteFideId "46634827"]
[BlackFideId "33408947"]
[EventDate "2025.06.17"]

1. c4 Nf6 2. Nc3 c5 3. g3 Nc6 4. Bg2 e6 5. Nf3 Be7 6. O-O O-O 7. d4 cxd4 8. Nxd4
a6 9. b3 Rb8 10. Bb2 Re8 11. e3 e5 12. Nf5 Bf8 13. Nd6 Re6 14. Nxc8 Rxc8 15. Qe2
Re8 16. Rfd1 d6 17. Rd2 Qa5 18. Rad1 b5 19. cxb5 axb5 20. Qxb5 Qxb5 21. Nxb5 d5
22. Bxd5 Nxd5 23. Rxd5 Nb4 24. Rxe5 Rxe5 25. Bxe5 Rc5 26. Bxg7 Kxg7 27. a4 Nc6
28. Kg2 Re5 29. Rd7 Na5 30. Rd3 Re4 31. Nd4 Bc5 32. Nc2 Bf8 33. f3 Re6 34. b4
Nc4 35. Rc3 Rc6 36. Kf2 Ne5 37. Rxc6 Nxc6 38. b5 Na5 39. Ke2 Bc5 40. Kd3 Kf6 41.
e4 Ke6 42. f4 Bb6 43. Nd4+ Kd6 44. Nf5+ Ke6 45. Ne3 Nb3 46. Nd5 Bg1 47. b6 Nc5+
48. Kc2 Nxa4 49. b7 Ba7 50. Nc7+ Kd7 51. Na6 Kd6 52. e5+ Kd5 53. b8=Q Bxb8 54.
Nxb8 Nc5 55. Kd2 Ke4 56. Ke2 Ne6 57. Nd7 Nd4+ 58. Kf2 Kf5 59. Nf6 Ne6 60. Nxh7
Kg6 61. Nf6 Kf5 62. Nd5 Ke4 63. Nc3+ Kd3 64. Ne2 Nc5 65. Kf3 Ne6 66. h4 1-0

[Event "Titled Tue 17th Jun Early"]
[Site "chess.com INT"]
[Date "2025.06.17"]
[Round "7"]
[White "Rathbone-Jones, Ifan"]
[Black "Lyutsinger, Iren"]
[Result "1-0"]
[WhiteTitle "CM"]
[BlackTitle "FM"]
[WhiteElo "2208"]
[BlackElo "2261"]
[WhiteFideId "1803859"]
[BlackFideId "34425969"]
[EventDate "2025.06.17"]

1. d4 d5 2. Nf3 Nf6 3. Bf4 e6 4. e3 Bd6 5. Ne5 Nbd7 6. Nxd7 Bxd7 7. Bxd6 cxd6 8.
Nc3 O-O 9. Be2 b5 10. a3 Qb6 11. O-O a5 12. Qd2 b4 13. axb4 axb4 14. Rxa8 Rxa8
15. Nd1 Ne4 16. Qc1 Bb5 17. Bxb5 Qxb5 18. f3 Nf6 19. Nf2 e5 20. Nd3 e4 21. Nf2
h5 22. Qd2 Ra2 23. b3 Qc6 24. Rc1 Kh7 25. h4 Qb6 26. Nh3 g6 27. Ng5+ Kg7 28. Rf1
Qc7 29. Rc1 Qc3 30. Qxc3 bxc3 31. Kf2 Kf8 32. Ke2 Ke7 33. Kf2 Rb2 34. Ke2 Kd7
35. Nxf7 Kc6 36. Kd1 Ra2 37. Nh8 Ne8 38. Nxg6 Ng7 39. Nf4 Nf5 40. Ke2 Nxh4 41.
fxe4 dxe4 42. g3 Nf5 43. Nxh5 d5 44. g4 Ne7 45. Nf4 Kd6 46. Kd1 Kd7 47. Ne2 Ng6
48. Nxc3 Ra5 49. Ke2 Nh4 50. Rh1 Nf3 51. Rh7+ Ke6 52. Rh6+ Kf7 53. Rh5 Kg6 54.
Rxd5 Ra1 55. Rd6+ Kg5 56. Nxe4+ Kxg4 57. Rg6+ Kf5 58. Rf6+ Kxe4 59. Rf4+ Kd5 60.
Rxf3 Rc1 61. Kd3 Rd1+ 62. Ke2 Rc1 63. Kd2 Rh1 64. Rf4 Rh2+ 65. Kd3 Rh1 66. c4+
Kd6 67. Rf6+ Kd7 68. Ra6 Rd1+ 69. Ke4 Rb1 70. Rb6 Rh1 71. c5 Rh4+ 72. Kd5 Rh5+
73. Kc4 Kc7 74. Re6 Rh1 75. Re4 Rc1+ 76. Kd5 Rh1 77. Re7+ Kd8 78. Re5 Rh5 79.
Rxh5 1-0

[Event "Titled Tue 17th Jun Early"]
[Site "chess.com INT"]
[Date "2025.06.17"]
[Round "7"]
[White "Figuero Toro, Julian Francisco"]
[Black "Rosenbecker, Daniel"]
[Result "0-1"]
[WhiteTitle "FM"]
[BlackTitle "CM"]
[WhiteElo "2182"]
[BlackElo "2109"]
[WhiteFideId "2210347"]
[BlackFideId "1718959"]
[EventDate "2025.06.17"]

1. Nf3 b6 2. g3 Bb7 3. Bg2 Nf6 4. O-O e6 5. d3 Be7 6. e4 d6 7. Re1 O-O 8. c4 c5
9. Nc3 d5 10. e5 Nfd7 11. h4 dxc4 12. dxc4 Nc6 13. Bf4 Re8 14. Qd3 Nf8 15. Qe3
Ng6 16. Rad1 Qc7 17. Bg5 Bxg5 18. hxg5 Rad8 19. Nb5 Qb8 20. Nd6 Re7 21. Nxb7
Rxb7 22. Rxd8+ Qxd8 23. Nh2 Rc7 24. Ng4 Nd4 25. Be4 Rd7 26. Kg2 Qc7 27. Bxg6
hxg6 28. Nf6+ gxf6 29. gxf6 Qc6+ 30. f3 Nxf3 31. Re2 Nd4+ 32. Kh2 Nf5 33. Qe4
Qxe4 34. Rxe4 Rd2+ 35. Kh3 Rd4 36. Re1 Rxc4 37. g4 Nh6 38. Rd1 Rd4 39. Rc1 Rxg4
40. b4 Rxb4 41. Rd1 Rd4 42. Rc1 Ng4 43. Kg2 Nxe5 44. a4 Nd7 45. Kf3 Nxf6 46. Ke3
Nd5+ 47. Ke2 Rxa4 48. Rd1 Kg7 49. Rf1 g5 50. Kd3 Kg6 51. Kc2 f5 52. Kb3 Rb4+ 53.
Kc2 g4 54. Kd3 Kg5 55. Rh1 f4 56. Rh8 g3 57. Rg8+ Kf5 58. Rh8 a5 59. Rf8+ Ke5
60. Rg8 a4 61. Rg5+ Kf6 62. Rg8 a3 63. Ra8 Rb3+ 64. Kc4 Re3 65. Rf8+ Ke7 66. Rh8
Kd6 67. Rh7 Kc6 0-1

[Event "Titled Tue 17th Jun Early"]
[Site "chess.com INT"]
[Date "2025.06.17"]
[Round "7"]
[White "Kalyani Sirin"]
[Black "Reprintsev, Alexander"]
[Result "1-0"]
[WhiteTitle "WFM"]
[BlackTitle "IM"]
[WhiteElo "2138"]
[BlackElo "2256"]
[WhiteFideId "33323500"]
[BlackFideId "14100541"]
[EventDate "2025.06.17"]

1. e4 e5 2. Nf3 Nc6 3. Nc3 Nf6 4. a4 h6 5. Bc4 a6 6. O-O d6 7. d4 Bg4 8. dxe5
Nxe5 9. Be2 Nxf3+ 10. Bxf3 Bxf3 11. Qxf3 Be7 12. e5 dxe5 13. Qxb7 O-O 14. Rd1
Bd6 15. Be3 Qc8 16. Qxc8 Rfxc8 17. Nd5 Nxd5 18. Rxd5 Rab8 19. b3 f6 20. g4 Kf7
21. Kg2 Ke6 22. Rad1 Rb4 23. h3 h5 24. f3 hxg4 25. hxg4 Rh8 26. Bc5 Bxc5 27.
Rxc5 Rc8 28. Rc6+ Ke7 29. Rxa6 g6 30. Rc6 Rb6 31. Rc4 c5 32. Rd5 Rbc6 33. Rd3
Ke6 34. Rd1 f5 35. a5 R8c7 36. Kg3 Rd6 37. Rxd6+ Kxd6 38. c3 Ra7 39. b4 cxb4 40.
cxb4 Kd5 41. Rc5+ Kd4 42. Rc6 e4 43. fxe4 fxe4 44. Rxg6 e3 45. Kf3 Rf7+ 46. Ke2
Rf2+ 47. Ke1 Rb2 48. Rd6+ Ke4 49. g5 Rxb4 50. g6 Rb1+ 51. Ke2 Rb2+ 52. Ke1 Rb1+
53. Rd1 Rb7 54. a6 Ra7 55. Rd6 Kf5 56. Ke2 Ke5 57. Rb6 Ke4 58. Re6+ Kf5 59. Rb6
Ke4 60. Rb4+ Ke5 61. Ra4 Kf6 62. Kxe3 Kxg6 63. Kd4 Kf7 64. Kc5 Ke7 65. Kb6 Ra8
66. Kb7 Rd8 67. a7 Rd7+ 68. Kb6 1-0

[Event "Titled Tue 17th Jun Early"]
[Site "chess.com INT"]
[Date "2025.06.17"]
[Round "7"]
[White "Caruana, Fabiano"]
[Black "Drygalov, Andrey"]
[Result "1-0"]
[WhiteTitle "GM"]
[BlackTitle "GM"]
[WhiteElo "2777"]
[BlackElo "2431"]
[WhiteFideId "2020009"]
[BlackFideId "24171735"]
[EventDate "2025.06.17"]

1. e4 c5 2. Nc3 d6 3. f4 Nc6 4. Nf3 g6 5. Bb5 Bd7 6. O-O Bg7 7. d3 e6 8. f5 Nf6
9. fxe6 fxe6 10. e5 Nxe5 11. Nxe5 dxe5 12. Bxd7+ Qxd7 13. Qe2 O-O 14. Be3 b6 15.
g3 Qc6 16. Bg5 Nd5 17. Ne4 Qd7 18. Kg2 Rf5 19. Bd2 Raf8 20. c4 Ne7 21. g4 Rxf1
22. Rxf1 Rxf1 23. Qxf1 Nc6 24. a3 Nd4 25. h4 Qf7 26. Bg5 Qxf1+ 27. Kxf1 Kf7 28.
Kf2 h6 29. Be3 Nc6 30. h5 g5 31. Kf3 Bf8 32. Nd2 Ne7 33. Bf2 Ng8 34. Ne4 Ke7 35.
Bg3 Bg7 36. b4 cxb4 37. axb4 Kd7 38. b5 Ne7 39. Be1 Nc8 40. Bb4 Kc7 41. Bc3 Kd7
42. Ke3 Kc7 43. Nd2 Nd6 44. Nf3 Nf7 45. Bb4 Kd7 46. Nd2 Kc7 47. Ne4 Kd7 48. Ba3
Nd8 49. Bd6 Nb7 50. Bb8 Kc8 51. Bxa7 Kc7 52. c5 bxc5 53. Bxc5 Nxc5 54. Nxc5 Kb6
55. Nxe6 Bf6 56. Ke4 Kxb5 57. Kf5 Bh8 58. Nd8 Kc5 59. Nf7 Bg7 60. Kg6 Bf8 61.
Nxe5 Kd4 62. Nf7 Kxd3 63. Nxh6 Ke4 64. Kxg5 Kf3 65. Kg6 Be7 66. g5 Kf4 67. Nf7
Bd6 68. h6 Bc5 69. h7 Bd4 70. h8=Q Bxh8 71. Nxh8 Kg4 72. Kh6 1-0

[Event "Titled Tue 17th Jun Early"]
[Site "chess.com INT"]
[Date "2025.06.17"]
[Round "7"]
[White "Sheehan, Ethan"]
[Black "Kislinsky, Alexey"]
[Result "1-0"]
[BlackTitle "GM"]
[WhiteElo "2364"]
[BlackElo "2341"]
[WhiteFideId "30943965"]
[BlackFideId "14108801"]
[EventDate "2025.06.17"]

1. Nf3 d5 2. d4 Nf6 3. c4 dxc4 4. e3 e6 5. Bxc4 a6 6. O-O b5 7. Be2 Bb7 8. b3
Nbd7 9. Bb2 c5 10. Nbd2 Be7 11. Qc2 Rc8 12. Qd3 O-O 13. Rac1 Qb6 14. Rfd1 Rfd8
15. Qb1 h6 16. h3 Ba8 17. a4 Nd5 18. axb5 axb5 19. Bf1 Qb8 20. Ne4 cxd4 21. Nxd4
b4 22. Bb5 N7f6 23. Bc6 Bb7 24. Qd3 Qa8 25. Ra1 Qb8 26. Nxf6+ Bxf6 27. Bxb7 Qxb7
28. Qe4 Qe7 29. Rac1 Qe8 30. Ba1 Nc3 31. Bxc3 Rxc3 32. Rxc3 bxc3 33. Qc2 Bxd4
34. exd4 Qc6 35. Rd3 Rc8 36. b4 Qc4 37. b5 Qb4 38. b6 Qb2 39. b7 Qxb7 40. Rxc3
Rxc3 41. Qxc3 Qd7 42. Qc5 g6 43. Qe5 h5 44. g3 Qd8 45. h4 Qd7 46. Qf6 Qd5 47.
Qf4 Qd7 48. Qe5 Qd8 49. Qc5 Qd7 50. Qb6 Qd5 51. Qb8+ Kh7 52. Qf4 Kg8 53. Qb8+
Kh7 54. Qc7 Kg8 55. Qf4 Qd7 56. Qe5 Qd8 57. Kg2 Qd7 58. Kf3 Qb7+ 59. Kf4 Qb2 60.
f3 Qd2+ 61. Qe3 Qa5 62. g4 Qc7+ 63. Qe5 Qc1+ 64. Qe3 Qc7+ 65. Qe5 Qc1+ 66. Kg3
Qg1+ 67. Kh3 Qh1+ 68. Kg3 Qg1+ 69. Kf4 Qh2+ 70. Kg5 Qd2+ 71. f4 hxg4 72. Kh6 Kf8
73. Qd6+ Ke8 74. Kg7 g3 75. Kf6 1-0

[Event "Titled Tue 17th Jun Early"]
[Site "chess.com INT"]
[Date "2025.06.17"]
[Round "7"]
[White "Malek, Jan"]
[Black "Krawczyk, Flawian"]
[Result "0-1"]
[WhiteTitle "GM"]
[BlackTitle "CM"]
[WhiteElo "2505"]
[BlackElo "2247"]
[WhiteFideId "21864080"]
[BlackFideId "21881413"]
[EventDate "2025.06.17"]

1. Nf3 d6 2. d4 Nf6 3. g3 g6 4. Bg2 Bg7 5. O-O O-O 6. Nc3 d5 7. Bf4 c6 8. Qc1
Bf5 9. Nh4 Be6 10. Bh6 Nbd7 11. Bxg7 Kxg7 12. Rd1 Qc7 13. h3 b5 14. e3 a5 15.
Ne2 g5 16. Nf3 h6 17. a4 b4 18. c3 Rab8 19. Nd2 Bf5 20. g4 Bg6 21. c4 Rfc8 22.
Ng3 e6 23. b3 Qd6 24. Qb2 Kh7 25. Rac1 e5 26. Nf3 e4 27. Ne5 Qe6 28. cxd5 cxd5
29. Nxd7 Qxd7 30. Rc5 Qb7 31. Rdc1 Nd7 32. Rb5 Rxc1+ 33. Qxc1 Qc8 34. Qxc8 Rxc8
35. Rxd5 Nf6 36. Rc5 Ra8 37. Bf1 Kg7 38. Bc4 h5 39. gxh5 Nxh5 40. Nxh5+ Bxh5 41.
Rxg5+ Bg6 42. Kg2 Kf6 43. Rc5 Bf5 44. Kg3 Rg8+ 45. Kf4 Bxh3 46. Rc6+ Ke7 47.
Rc7+ Kd6 48. Rxf7 Rg4+ 49. Kf5 Rg2+ 50. Kf6 Rxf2+ 51. Kg7 Rf3 52. Rf6+ Ke7 53.
Rf7+ Kd6 54. Rf6+ Ke7 55. Ra6 Rxe3 56. Rxa5 Rg3+ 57. Kh6 e3 58. Re5+ Kd6 59. a5
Bg2 60. a6 Bc6 61. Re6+ Kc7 62. d5 Bd7 63. Re7 Kd6 64. a7 Rg8 65. Re4 Ra8 66.
Rxe3 Rxa7 67. Kg5 Ra5 68. Kf4 Bb5 69. Ke4 Bxc4 70. bxc4 Kc5 71. Rd3 Ra3 0-1

[Event "Titled Tue 17th Jun Early"]
[Site "chess.com INT"]
[Date "2025.06.17"]
[Round "7"]
[White "Cernov, Henrik"]
[Black "Preobrazhenskaya, Diana"]
[Result "0-1"]
[WhiteTitle "FM"]
[BlackTitle "WFM"]
[WhiteElo "2325"]
[BlackElo "2005"]
[WhiteFideId "16258312"]
[BlackFideId "34270566"]
[EventDate "2025.06.17"]

1. d4 Nf6 2. c4 e6 3. Nc3 Bb4 4. f3 c5 5. d5 d6 6. Bd2 O-O 7. a3 Ba5 8. Qc2 Bxc3
9. Bxc3 exd5 10. e3 Re8 11. O-O-O Rxe3 12. cxd5 Nbd7 13. g4 Nb6 14. Ba5 Qe8 15.
Bxb6 axb6 16. g5 Nh5 17. Bd3 g6 18. Be4 Qe5 19. Ne2 Qxg5 20. Kb1 f5 21. Rhg1 Qf6
22. Bd3 Bd7 23. Ng3 Kh8 24. Nxh5 gxh5 25. f4 Re7 26. Rg5 Rg7 27. h4 h6 28. Rxg7
Qxg7 29. Bxf5 Bxf5 30. Qxf5 Rf8 31. Qe4 Qg4 32. Rf1 Qxh4 33. Qg6 Qf6 34. Qxh5
Qf5+ 35. Qxf5 Rxf5 36. Re1 Rxd5 37. Re7 Rf5 38. Rxb7 Rxf4 39. Rxb6 Rd4 40. a4
Rxa4 41. Rxd6 Rh4 42. Rc6 c4 43. Kc2 h5 44. Kc3 Kg7 45. Rb6 Kf7 46. Rh6 Kg7 47.
Rc6 Rg4 48. Kd2 h4 49. Ke3 h3 50. Rc7+ Kg6 51. Kf3 Rg1 52. Rc8 Kf5 53. Rc6 h2
54. Rc5+ Kg6 55. Rc6+ Kg7 56. Rc7+ Kf6 57. Rc6+ Kg5 58. Rc5+ Kh6 59. Rc6+ Rg6
60. Rxg6+ Kxg6 61. Kg2 Kf5 62. Kxh2 Ke4 63. Kg3 Kd3 64. Kf3 Kc2 65. b4 cxb3 66.
Ke3 b2 67. Kd4 b1=Q 68. Kd5 Qb3+ 69. Kd6 Qc3 70. Kd7 Kd3 71. Ke7 Qc4 72. Kd6
Qd4+ 73. Ke6 Kc4 74. Kf5 Qd5+ 75. Kf6 Kd4 76. Ke7 Qc6 77. Kf7 Qd6 78. Kg7 Qe6
79. Kf8 Qd7 80. Kg8 Ke5 81. Kh8 Kf6 82. Kg8 0-1

[Event "Titled Tue 17th Jun Early"]
[Site "chess.com INT"]
[Date "2025.06.17"]
[Round "7"]
[White "Cramling Bellon, Anna"]
[Black "Aaradhya Das"]
[Result "0-1"]
[WhiteTitle "WFM"]
[BlackTitle "WCM"]
[WhiteElo "2046"]
[BlackElo "1786"]
[WhiteFideId "32009232"]
[BlackFideId "33361436"]
[EventDate "2025.06.17"]

1. d4 d5 2. c4 e6 3. Nc3 Nf6 4. cxd5 exd5 5. Bg5 Nbd7 6. e3 Be7 7. Bd3 h6 8. Bh4
O-O 9. Rc1 c6 10. Nf3 Ne4 11. Bxe4 dxe4 12. Bxe7 Qxe7 13. Nd2 f5 14. d5 Ne5 15.
O-O Nd3 16. Rb1 cxd5 17. Nxd5 Qf7 18. Nc3 Be6 19. f3 exf3 20. Nxf3 Rfd8 21. Qa4
Qg6 22. Rfd1 Nc5 23. Qf4 Ne4 24. Nd4 Bd7 25. Nd5 Qf7 26. Nxf5 Bxf5 27. Qxf5 Qxf5
28. Ne7+ Kh7 29. Nxf5 Kg6 30. Nd4 Re8 31. Rbc1 Ng5 32. Kf2 Re7 33. h4 Ne4+ 34.
Kg1 Ng3 35. Re1 Rd8 36. Kh2 Ne4 37. Nf3 Nf2 38. Kg1 Nd3 39. Red1 Rxe3 40. Rc3
Kh7 41. Rc7 Rde8 42. Rxb7 Nf4 43. Rdd7 Nh5 44. Nd4 R8e5 45. Kh2 Rd3 46. Nf3 Rxd7
47. Rxd7 Re2 48. Kg1 Nf4 49. Kf1 Rxg2 50. Nd4 Rxb2 51. Nf5 Nh5 52. a4 Rb4 53.
Rxa7 Rf4+ 54. Kg2 Rxf5 55. a5 Nf4+ 56. Kg3 Nd5 57. a6 Nb4 58. Ra8 Ra5 59. a7 Nc6
60. Rc8 Nxa7 61. Ra8 Nc6 62. Rc8 Ra3+ 63. Kf4 Ne7 64. Rc7 Nd5+ 65. Ke5 Nxc7 66.
Kd6 Nb5+ 67. Kc5 Nc3 68. Kb4 Ra2 69. Kxc3 Rh2 70. Kd3 Rxh4 71. Ke3 g5 72. Kf3
Kg6 73. Kg3 Kf5 74. Kg2 Kg4 75. Kg1 Kg3 76. Kf1 Re4 77. Kg1 Re1# 0-1

[Event "Titled Tue 17th Jun Early"]
[Site "chess.com INT"]
[Date "2025.06.17"]
[Round "7"]
[White "Toktomushev, Teimur"]
[Black "Gunawardhana, Devindya Oshini"]
[Result "0-1"]
[WhiteTitle "FM"]
[BlackTitle "WIM"]
[WhiteElo "2390"]
[BlackElo "2121"]
[WhiteFideId "14176726"]
[BlackFideId "29941482"]
[EventDate "2025.06.17"]

1. d4 d5 2. c4 e6 3. Nc3 Nf6 4. cxd5 exd5 5. Bg5 c6 6. e3 h6 7. Bh4 Bd6 8. Bd3
Be6 9. Nge2 Nbd7 10. Bg3 Qe7 11. O-O O-O 12. f3 c5 13. Bxd6 Qxd6 14. Qd2 Rfe8
15. Rad1 Rac8 16. Bb1 a6 17. Rc1 b5 18. a3 Nb6 19. dxc5 Rxc5 20. b3 Rec8 21. Nd4
Nbd7 22. Nce2 Ne5 23. Rxc5 Qxc5 24. Nxe6 fxe6 25. Rc1 Qf8 26. Nd4 Kf7 27. h3 Rc5
28. Rc2 Qc8 29. Qc1 Nfd7 30. f4 Nd3 31. Rxc5 Qxc5 32. Qxc5 N3xc5 33. Kf2 Nf6 34.
Ke2 Ke7 35. g4 Kd6 36. g5 hxg5 37. fxg5 Nfe4 38. Bxe4 Nxe4 39. h4 g6 40. Kd3 e5
41. Nf3 Nc5+ 42. Kc2 Ne6 43. Kc3 Ng7 44. Kd2 Nf5 45. Kd3 e4+ 46. Ke2 exf3+ 47.
Kxf3 Nxh4+ 48. Kf4 Nf5 49. e4 dxe4 50. Kxe4 a5 51. a4 bxa4 52. bxa4 Ne7 53. Kd4
Nc6+ 54. Kc4 Kc7 55. Kd5 Kd7 56. Kc5 Ne5 57. Kb6 Kd6 58. Kxa5 Kc5 59. Ka6 Kb4
60. Kb6 Kxa4 61. Kc5 Nf3 62. Kd5 Nxg5 63. Ke5 Nf7+ 64. Kf6 g5 65. Kf5 Kb5 66.
Ke4 Kc5 67. Kf5 Kd6 68. Kg4 Ke6 69. Kh5 Kf6 70. Kg4 Kg6 71. Kg3 Kf5 72. Kf3 g4+
73. Kg3 Kg5 74. Kg2 Kf4 75. Kf2 g3+ 76. Kg2 Kg4 77. Kh1 Kf3 78. Kg1 g2 79. Kh2
Kf2 80. Kh3 g1=Q 81. Kh4 Qg5+ 82. Kh3 Nh6 83. Kh2 Qg2# 0-1

[Event "Titled Tue 17th Jun Early"]
[Site "chess.com INT"]
[Date "2025.06.17"]
[Round "7"]
[White "Weerasekara, Dishal Nimsara"]
[Black "Ai, Evan"]
[Result "0-1"]
[WhiteTitle "FM"]
[WhiteElo "2125"]
[BlackElo "2188"]
[WhiteFideId "9997431"]
[BlackFideId "2094770"]
[EventDate "2025.06.17"]

1. b4 e5 2. a3 d5 3. Bb2 Bd6 4. e3 Nf6 5. c4 c6 6. Nf3 Nbd7 7. d4 e4 8. Nfd2 h5
9. Nc3 Nf8 10. Qb3 Be6 11. c5 Bc7 12. b5 Ng6 13. a4 h4 14. h3 Ne7 15. a5 Bxa5
16. Qa4 Bxc3 17. Bxc3 O-O 18. Nb3 Qd7 19. Be2 a6 20. bxa6 bxa6 21. Na5 Rfb8 22.
Kd2 Ne8 23. Rhb1 Nc7 24. Rb6 Nb5 25. Bb4 Qc7 26. Rxb8+ Qxb8 27. Nb3 Ra7 28. Ba5
Nc8 29. Bd8 Bd7 30. Bxh4 Rb7 31. Bg3 Qa8 32. Na5 Ra7 33. h4 Ne7 34. h5 Nf5 35.
Bf4 Qd8 36. g4 Nh4 37. Qb4 Qf6 38. Nb3 Ng2 39. Bg3 Nh4 40. Ra5 Nf3+ 41. Kc2 Bxg4
42. Qa4 Nfxd4+ 43. Nxd4 Nxd4+ 44. Qxd4 Qxd4 45. exd4 Bxe2 46. h6 Bd3+ 47. Kd2
gxh6 48. Bb8 Rb7 49. Bf4 Rb2+ 50. Kc3 Rxf2 51. Bxh6 Rc2+ 52. Kb3 Rc4 53. Be3 Rc2
54. Ra1 Kf8 55. Rg1 Re2 56. Bh6+ Ke7 57. Rg7 Ke6 58. Bf4 a5 59. Rg8 Bc4+ 60. Kc3
Kf5 61. Bd2 e3 62. Bc1 Re1 63. Kc2 Ke4 64. Re8+ Kxd4 65. Ba3 Re2+ 66. Kc1 Kc3
67. Kb1 Re1+ 68. Bc1 Bd3+ 69. Ka2 Rxc1 70. Re4 dxe4 71. Ka3 Ra1# 0-1

[Event "Titled Tue 17th Jun Early"]
[Site "chess.com INT"]
[Date "2025.06.17"]
[Round "7"]
[White "Uraev, Ivan"]
[Black "Krzywda, Andrzej"]
[Result "1/2-1/2"]
[WhiteTitle "FM"]
[BlackTitle "CM"]
[WhiteElo "2194"]
[BlackElo "2175"]
[WhiteFideId "4192443"]
[BlackFideId "1114565"]
[EventDate "2025.06.17"]

1. e4 e5 2. Nc3 Nf6 3. Nf3 Bb4 4. Bc4 Bxc3 5. bxc3 d6 6. d3 h6 7. h3 Nbd7 8. O-O
O-O 9. a4 a5 10. Bb3 Qe7 11. Re1 Nc5 12. Ba3 b6 13. d4 Nxb3 14. cxb3 Nd7 15. c4
Bb7 16. d5 Qf6 17. g3 g6 18. Kg2 Kg7 19. Nh4 Kh7 20. Qg4 Bc8 21. Qf3 Qg7 22. Qd3
Nf6 23. Rh1 Nh5 24. Rae1 Qf6 25. Bc1 Bd7 26. Qe3 Qg7 27. f4 exf4 28. gxf4 Rae8
29. e5 Qh8 30. Kh2 g5 31. Qd3+ Kg8 32. Nf5 dxe5 33. fxe5 Rxe5 34. Rhf1 Rfe8 35.
Rxe5 Qxe5+ 36. Kg1 Bxf5 37. Qxf5 Qxf5 38. Rxf5 Ng3 39. Rf3 Ne2+ 40. Kf2 Nxc1 41.
Rc3 Na2 42. Rc1 Nb4 43. Rd1 f5 44. d6 cxd6 45. Rxd6 Kg7 46. Rxb6 Rd8 47. Rb7+
Kg6 48. Rb5 Rd3 49. h4 Rxb3 50. hxg5 hxg5 51. Rxa5 Rc3 52. Rb5 Nd3+ 53. Ke3 Ne5+
54. Kd4 Rxc4+ 55. Kxe5 Re4+ 56. Kd5 Rxa4 57. Rb6+ Kh5 58. Rb8 f4 59. Ke5 Kg4 60.
Rb1 Ra5+ 61. Ke4 Ra4+ 62. Ke5 Kf3 63. Rb3+ Kf2 64. Kf5 Ra5+ 65. Kg4 Ke2 66. Rb2+
Kd3 67. Rb3+ Kc4 68. Rf3 Re5 69. Ra3 Kd5 70. Ra4 Ke6 71. Ra6+ Kd5 72. Rh6 Kd4
73. Rd6+ Kc5 74. Ra6 Kd4 75. Rg6 Ke3 76. Ra6 f3 77. Ra3+ Ke2 78. Rxf3 Re4+ 79.
Kg3 Re3 80. Rxe3+ Kxe3 81. Kg4 Ke4 82. Kxg5 1/2-1/2

[Event "Titled Tue 17th Jun Early"]
[Site "chess.com INT"]
[Date "2025.06.17"]
[Round "7"]
[White "Khazan, Yevgeny"]
[Black "Shangin, Lev"]
[Result "0-1"]
[WhiteTitle "CM"]
[WhiteElo "2135"]
[BlackElo "2169"]
[WhiteFideId "2806193"]
[BlackFideId "55681085"]
[EventDate "2025.06.17"]

1. d4 Nf6 2. c4 e6 3. Nf3 d5 4. g3 Bb4+ 5. Nbd2 a5 6. Bg2 a4 7. O-O Nc6 8. c5
Bxd2 9. Bxd2 O-O 10. Bf4 Ne4 11. Ne5 Nxe5 12. Bxe5 Nf6 13. b4 Nd7 14. Bf4 c6 15.
h4 f6 16. Bd6 Re8 17. e4 Nf8 18. h5 Qd7 19. h6 g6 20. Qf3 Qf7 21. e5 f5 22. Qf4
Nd7 23. Qg5 b5 24. cxb6 Nxb6 25. Rfc1 Nc4 26. Bf1 Ba6 27. Bc5 Rab8 28. Kg2 Rb7
29. Bd3 Bb5 30. Rh1 Nb2 31. Bxb5 Rxb5 32. Rh4 Nd3 33. a3 Nb2 34. Rf4 Nd3 35. Rf3
Nxc5 36. dxc5 Qe7 37. Qxe7 Rxe7 38. Rd3 g5 39. f4 Kf7 40. fxg5 Kg6 41. Kf3 Kxg5
42. Rh1 Rb8 43. Rd4 Rg8 44. g4 Rf7 45. gxf5 Rxf5+ 46. Kg3 Kg6 47. Rg4+ Rg5 48.
Rh4 Kf5 49. Rxg5+ Rxg5+ 50. Kf3 Kxe5 51. Rf4 Rh5 52. b5 cxb5 53. c6 Rh3+ 54. Kg4
Rc3 55. Rf7 Rxc6 56. Rxh7 Kf6 57. Rg7 Rc1 58. Kf3 Rh1 59. Rb7 Rxh6 60. Rxb5 Rh3+
61. Kf4 Rxa3 62. Rb6 Rc3 63. Ra6 Rc4+ 64. Ke3 Ke5 65. Kd3 Rh4 66. Ra5 a3 67. Ra6
Rh3+ 68. Kc2 a2 69. Kb2 Rh2+ 70. Ka1 Rh1+ 71. Kxa2 d4 72. Kb3 Rc1 73. Kb2 Rc8
74. Ra5+ Ke4 75. Rh5 e5 76. Rh4+ Kd5 77. Rh7 d3 78. Rd7+ Ke4 79. Ra7 Ke3 80. Ra4
e4 81. Ra1 Ke2 82. Rh1 d2 83. Rh2+ Kd3 84. Rh3+ e3 85. Rh1 e2 86. Rh3+ Kd4 87.
Rh4+ Ke5 88. Rh5+ Kf6 89. Rh6+ Kg7 90. Rd6 d1=Q 91. Rxd1 exd1=Q 0-1

[Event "Titled Tue 17th Jun Early"]
[Site "chess.com INT"]
[Date "2025.06.17"]
[Round "7"]
[White "Aranda, Juan Manuel"]
[Black "Cherepov, Alexej"]
[Result "1-0"]
[WhiteTitle "CM"]
[BlackTitle "CM"]
[WhiteElo "2134"]
[BlackElo "2083"]
[WhiteFideId "160458"]
[BlackFideId "13503650"]
[EventDate "2025.06.17"]

1. Nf3 Nf6 2. g3 b5 3. Bg2 Bb7 4. c3 e6 5. Qb3 a6 6. a4 c5 7. d3 d5 8. axb5 c4
9. Qc2 axb5 10. Rxa8 Bxa8 11. b3 Nbd7 12. bxc4 dxc4 13. Na3 Qa5 14. Qb2 cxd3 15.
exd3 Nc5 16. Qxb5+ Qxb5 17. Nxb5 Nxd3+ 18. Kd2 Nxc1 19. Nc7+ Kd8 20. Nxa8 Nb3+
21. Kc2 Nc5 22. Ne5 Rg8 23. Rd1+ Kc8 24. Nxf7 Be7 25. Nb6+ Kc7 26. Nc4 h6 27.
Nfe5 Rb8 28. Nc6 Re8 29. N4e5 Bd6 30. Nc4 Bf8 31. f4 Ra8 32. Kb2 Na4+ 33. Kc2
Nc5 34. Nb4 Ra7 35. Ne5 Bd6 36. Nc4 Bf8 37. Kb2 Na4+ 38. Kb3 Nc5+ 39. Kb2 Ng4
40. h3 Nf6 41. Na3 Ra5 42. Nbc2 Na4+ 43. Kb3 Nc5+ 44. Kb2 Nfd7 45. Nc4 Rb5+ 46.
Nb4 Na4+ 47. Kb3 Ndc5+ 48. Ka3 Nb6 49. Nxb6 Kxb6 50. Rd8 Be7 51. Rb8+ Kc7 52.
Rxb5 Nd3 53. Kb3 Nc1+ 54. Kc2 Ne2 55. Ra5 Nxg3 56. Ra7+ Kd6 57. Nd3 Ne2 58. Ne5
Bf6 59. Nc4+ Kc5 60. Rc7+ Kb5 61. Bf1 Nxf4 62. Nd6+ Kb6 63. Rf7 Be5 64. Nc4+ Kc5
65. Nxe5 Nd5 66. Nd7+ Kd6 67. Nf8 g5 68. Rd7+ Ke5 69. Rxd5+ exd5 70. Kd3 h5 71.
Bg2 g4 72. Ng6+ Kf5 73. Ne7+ Ke5 74. Nxd5 gxh3 75. Bxh3 Kxd5 76. Bg2+ Kc5 77.
Bh1 h4 78. Kc2 Kc4 79. Kd2 Kc5 80. Kd3 Kd6 81. Kd4 h3 82. c4 h2 83. c5+ Kc7 84.
Kc4 Kd7 85. Kd5 Kc7 86. c6 Kc8 87. Kc5 Kc7 88. Bg2 Kc8 89. Bh1 Kc7 90. Kb5 Kc8
91. Kb6 Kb8 92. c7+ Kc8 93. Bb7+ Kd7 94. c8=Q+ Kd6 95. Qc6+ Ke7 96. Qh1 1-0

[Event "Titled Tue 17th Jun Early"]
[Site "chess.com INT"]
[Date "2025.06.17"]
[Round "7"]
[White "Tulendinov, Dinmukhammed"]
[Black "Shimanov, Aleksandr"]
[Result "0-1"]
[WhiteTitle "FM"]
[BlackTitle "GM"]
[WhiteElo "2104"]
[BlackElo "2578"]
[WhiteFideId "13730860"]
[BlackFideId "4198603"]
[EventDate "2025.06.17"]

1. e4 c5 2. d4 cxd4 3. Qxd4 Nc6 4. Qd3 h6 5. Nc3 Nf6 6. Nf3 e5 7. Nd5 d6 8. c4
Nxd5 9. Qxd5 Be6 10. Qd2 Be7 11. b3 O-O 12. Bb2 a6 13. Be2 Rb8 14. O-O b5 15.
Rac1 Qb6 16. Rfd1 Rfc8 17. h3 Na5 18. cxb5 axb5 19. Rxc8+ Rxc8 20. Rc1 Ra8 21.
Qe3 Qxe3 22. fxe3 b4 23. Kf2 Bd8 24. Nd2 Nb7 25. Ra1 Nc5 26. Ke1 Bh4+ 27. Kf1
Kf8 28. a3 bxa3 29. Rxa3 Rb8 30. Bc3 Nxb3 31. Nxb3 Rxb3 32. Rxb3 Bxb3 33. Bf3
Bc4+ 34. Be2 Ba2 35. Bf3 Ke7 36. Ke2 Bc4+ 37. Kd2 Kd7 38. Kc2 g6 39. Bd2 Bd8 40.
Kc3 Ba6 41. Kc2 Bb6 42. Kd1 h5 43. Kc2 Ke7 44. Kd1 Bc5 45. Ke1 Bd3 46. Kf2 Kd7
47. Ke1 Kc6 48. Bc1 Kb5 49. Kd2 Kc4 50. Be2 Bb4+ 51. Kd1 Bc3 52. g4 h4 53. Bf3
Kb3 54. Bd2 Bf1 55. Bxc3 Kxc3 56. Ke1 Bc4 57. Kf2 Kd2 58. Bg2 Be6 59. Bf3 Bd7
60. Bg2 Bc6 61. Bf3 Kd3 62. Be2+ Kc3 63. Bf3 Bd7 64. Ke2 Bc8 65. Kf2 Ba6 66. Bg2
Kd2 67. Bf3 Bc4 68. Bg2 Kc1 69. Bf3 Be6 70. Bg2 f5 71. exf5 gxf5 72. g5 Bf7 73.
Bf3 Kd2 74. Bc6 Kd3 75. Bd7 Bg6 76. Be6 Ke4 77. Bc8 d5 78. Bb7 Bf7 79. Ke2 f4
80. exf4 Kxf4 81. g6 Bg8 82. g7 d4 83. Ba6 e4 84. Kf2 Ke5 85. Ke2 Kf4 86. Bb7
d3+ 87. Kd2 Kf3 88. Bc6 Bf7 89. Bb7 Kf4 90. Bc6 Bc4 91. Bb5 Be6 0-1